<?xml version="1.0" encoding="UTF-8"?>
<record
    xmlns:xsi="http://www.w3.org/2001/XMLSchema-instance"
    xsi:schemaLocation="http://www.loc.gov/MARC21/slim http://www.loc.gov/standards/marcxml/schema/MARC21slim.xsd"
    xmlns="http://www.loc.gov/MARC21/slim">

  <leader>01860naa a22002531i 4500</leader>
  <controlfield tag="001">4747</controlfield>
  <controlfield tag="003">KOSZ 005</controlfield>
  <controlfield tag="005">20180307112523.0</controlfield>
  <controlfield tag="008">140327s2002    pl     f     |100 0 eng</controlfield>
  <datafield tag="040" ind1=" " ind2=" ">
    <subfield code="c">KOSZ 005</subfield>
    <subfield code="a">KOSZ 005</subfield>
    <subfield code="d">KOSZ 005/ac</subfield>
  </datafield>
  <datafield tag="041" ind1=" " ind2=" ">
    <subfield code="a">eng</subfield>
  </datafield>
  <datafield tag="044" ind1=" " ind2=" ">
    <subfield code="a">POL</subfield>
  </datafield>
  <datafield tag="080" ind1=" " ind2=" ">
    <subfield code="a">536:621.5</subfield>
  </datafield>
  <datafield tag="100" ind1="1" ind2=" ">
    <subfield code="a">BOHDAL, Tadeusz.</subfield>
    <subfield code="d">1996 -  .</subfield>
    <subfield code="b">Politechnika Koszali&#x144;ska - Wydzia&#x142; Mechaniczny,</subfield>
    <subfield code="c">Zak&#x142;ad Termomechaniki i Ch&#x142;odnictwa</subfield>
  </datafield>
  <datafield tag="245" ind1="1" ind2="0">
    <subfield code="a">Jednowymiarowy model wrzenia p&#x119;cherzykowego w przep&#x142;ywie /</subfield>
    <subfield code="c">Tedeusz Bohdal.</subfield>
  </datafield>
  <datafield tag="246" ind1="3" ind2="1">
    <subfield code="a">One-dimensional model of bubble boiling in channel flow</subfield>
  </datafield>
  <datafield tag="500" ind1=" " ind2=" ">
    <subfield code="a">Dane z autopsji.</subfield>
  </datafield>
  <datafield tag="520" ind1=" " ind2=" ">
    <subfield code="a">W pracy podj&#x119;to pr&#xF3;b&#x119; uproszczonego opisu procesu wrzenia p&#x119;cherzykowego w kanale rurowym prosto-osiowym. Uk&#x142;ad dwufazowy jednosk&#x142;adnikowy (ciecz - gaz) potraktowano jako o&#x15B;rodek ci&#x105;g&#x142;y, gdzie do opisu zjawiska wykorzystywane s&#x105; prawa zachowania energii, p&#x119;du i masy. O&#x15B;rodek ci&#x105;g&#x142;y charakteryzowany jest parametrami opisuj&#x105;cymi uk&#x142;ad dwufazowy, takimi jak: g&#x119;sto&#x15B;&#x107; mieszaniny dwufazowej, statyczny stopie&#x144; zape&#x142;nienia, statyczny r&#xF3;wnowagowy stopie&#x144; sucho&#x15B;ci. Zgodnie z praktyk&#x105; in&#x17C;yniersk&#x105; zastosowano model jednowymiarowy, w kt&#xF3;rym wyst&#x119;puj&#x105; wielko&#x15B;ci fizyczne u&#x15B;rednione w przekroju poprzecznym kana&#x142;u (wprowadzono &#x15B;redni&#x105; pr&#x119;dko&#x15B;&#x107;, &#x15B;rednie ci&#x15B;nienie, &#x15B;redni&#x105; temperatur&#x119; i tp.).</subfield>
  </datafield>
  <datafield tag="650" ind1=" " ind2="0">
    <subfield code="a">Wrzenie.</subfield>
  </datafield>
  <datafield tag="655" ind1=" " ind2="0">
    <subfield code="a">Materia&#x142;y konferencyjne.</subfield>
  </datafield>
  <datafield tag="711" ind1="2" ind2="2">
    <subfield code="a">Posiedzenie Komitetu Budowy Maszyn Polskiej Akademii Nauk</subfield>
    <subfield code="n">(7 ;</subfield>
    <subfield code="d">2002 ;</subfield>
    <subfield code="c">Koszalin, Polska).</subfield>
  </datafield>
  <datafield tag="773" ind1="0" ind2=" ">
    <subfield code="i">W :</subfield>
    <subfield code="t">Posiedzenie Komitetu Budowy Maszyn Polskiej Akademii Nauk - maj 2002 r. T. 1 / pod red. L. Kukie&#x142;ki. -</subfield>
    <subfield code="d">Koszalin : Wydaw. Uczelniane Politechniki Koszali&#x144;skiej, 2002. -</subfield>
    <subfield code="g">s. 109-118</subfield>
    <subfield code="k">Zeszyty Naukowe Wydzia&#x142;u Mechanicznego / Politechnika Koszali&#x144;ska ; nr 30</subfield>
  </datafield>
  <datafield tag="942" ind1=" " ind2=" ">
    <subfield code="c">ROZ</subfield>
    <subfield code="2">UKD</subfield>
  </datafield>
  <datafield tag="999" ind1=" " ind2=" ">
    <subfield code="c">4747</subfield>
    <subfield code="d">4747</subfield>
  </datafield>
  <datafield tag="952" ind1=" " ind2=" ">
    <subfield code="0">0</subfield>
    <subfield code="1">0</subfield>
    <subfield code="4">0</subfield>
    <subfield code="7">0</subfield>
    <subfield code="a">BPK</subfield>
    <subfield code="b">BPK</subfield>
    <subfield code="o">0100</subfield>
    <subfield code="y">ROZ</subfield>
  </datafield>
</record>
